000 00369nam a2200145Ia 4500
008 230917s9999||||xx |||||||||||||| ||und||
040 _e42657
_aMAIN
041 _aEnglish
082 _a942 M87H
100 _aMowat, R B
245 0 _aHistory of Great Britain. V2
260 _aNew Delhi
_bAnmol Publications
_c1990
300 _axxxi, 532 p. ; 533- 1084
942 _cBK
999 _c92162
_d92162